ბათუმის შოთა რუსთაველის სახელმწიფო უნივერსიტეტის ბიბლიოთეკა

Вестник Древней истории №3 том 76 июль-абгуст-сентябрь 2016 (ბიბ.ჩანაწერი № 52333)

000 -LEADER
fixed length control field 00725nam a2200217Ia 4500
001 - CONTROL NUMBER
control field 19350
003 - CONTROL NUMBER IDENTIFIER
control field GE_BSU
008 - FIXED-LENGTH DATA ELEMENTS--GENERAL INFORMATION
fixed length control field 181216s||||||||xx |||||||||||||| ||und||
040 ## - CATALOGING SOURCE
Transcribing agency GE_BSU
245 ## - TITLE STATEMENT
Title Вестник Древней истории №3 том 76 июль-абгуст-сентябрь 2016
245 ## - TITLE STATEMENT
Remainder of title Journal of ancient history
245 ## - TITLE STATEMENT
Statement of responsibility, etc. Гл. ред. А.И.Иванчук и др.
250 ## - EDITION STATEMENT
Edition statement журнал выходит четыре раза в год основан в1937г
260 ## - PUBLICATION, DISTRIBUTION, ETC.
Place of publication, distribution, etc. Москва
260 ## - PUBLICATION, DISTRIBUTION, ETC.
Name of publisher, distributor, etc. Наука
260 ## - PUBLICATION, DISTRIBUTION, ETC.
Date of publication, distribution, etc. 2016
300 ## - PHYSICAL DESCRIPTION
Extent 848стр,25см
653 ## - INDEX TERM--UNCONTROLLED
Uncontrolled term Вестник Древней истории
653 ## - INDEX TERM--UNCONTROLLED
Uncontrolled term პერიოდიკა
942 ## - ADDED ENTRY ELEMENTS (KOHA)
Koha item type პერიოდიკა
ეგზემპლარები
Withdrawn status Lost status Damaged status Not for loan Date acquired Barcode Date last seen Price effective from Koha item type
        2018-12-17 p78060 2018-12-17 2018-12-17 პერიოდიკა